| 000 | 00595nam a2200217 a 4500 | ||
|---|---|---|---|
| 005 | 20240316063745.0 | ||
| 008 | 991125s1979 par 000 0 spa u | ||
| 020 | _a843010786X (ed. Sígueme) | ||
| 020 | _a9233013960 | ||
| 035 | _aUPN01000180704 | ||
| 049 | _aUNE | ||
| 080 | 4 | _a115 TIE | |
| 100 | 1 | _aRicoer, Pard | |
| 245 | 1 | 3 |
_aEl tiempo y las filosofías / _cP. Ricoer... [et al.]. |
| 260 |
_aSalamanca (Esp.) : _bSígueme ; _aParís : _bUNESCO, _c1979. |
||
| 300 | _a311 p. | ||
| 440 | 0 |
_aHermeneia ; _v14 |
|
| 650 | 4 |
_aFilosofía _95327 |
|
| 650 | 2 |
_aTiempo _914139 |
|
| 905 | _aLibro | ||
| 999 |
_c152807 _d152807 |
||